| 000 | 00595cam a22002051 4500 | ||
|---|---|---|---|
| 001 | med47001283 | ||
| 003 | DLC | ||
| 005 | 20260227111602.0 | ||
| 008 | 810920s1946 xx a 000 0 fre | ||
| 010 | _amed47001283 | ||
| 035 | _a(OCoLC)14747870 | ||
| 040 |
_aDLC _cDNLM _dDLC |
||
| 042 | _apremarc | ||
| 050 | 0 | 0 |
_aQP187 _b.L4 |
| 060 | 0 |
_aWP 520 _bL473r 1946 |
|
| 100 | 1 | _aLederer, Jean. | |
| 245 | 1 | 4 | _aLes relations thyro-ovariennes; étude physiologique, clinique et thérapeutique ... |
| 260 |
_aBruxelles, _bLibrarie médicale de l'A. B. G. E. [etc.] _c1946. |
||
| 300 |
_a204 p. _bill. |
||
| 999 |
_c38291 _d38291 |
||